Physical training : (Record no. 18830)

MARC details
000 -LEADER
fixed length control field 00872cam a22002171a 4500
001 - CONTROL NUMBER
control field e 09000995
003 - CONTROL NUMBER IDENTIFIER
control field DLC
005 - DATE AND TIME OF LATEST TRANSACTION
control field 20260227111151.0
008 - FIXED-LENGTH DATA ELEMENTS--GENERAL INFORMATION
fixed length control field 821215s1890 mau 101 0 eng c
010 ## - LIBRARY OF CONGRESS CONTROL NUMBER
LC control number e 09000995
035 ## - SYSTEM CONTROL NUMBER
System control number (OCoLC)9056608
040 ## - CATALOGING SOURCE
Original cataloging agency U.S. Office of Education Library
Transcribing agency NjUPM
Modifying agency NjUPM
-- DLC
050 00 - LIBRARY OF CONGRESS CALL NUMBER
Classification number GV205
Item number .C63 1889c
111 2# - MAIN ENTRY--MEETING NAME
Meeting name or jurisdiction name as entry element Conference in the Interest of Physical Training (1889 :
Location of meeting Massachusetts Institute of Technology).
245 10 - TITLE STATEMENT
Title Physical training :
Remainder of title a full report of the papers and discussions of the conference held in Boston in November, 1889 /
Statement of responsibility, etc. reported and edited by Isabel C. Barrows.
260 ## - PUBLICATION, DISTRIBUTION, ETC.
Place of publication, distribution, etc. Boston :
Name of publisher, distributor, etc. G.H. Ellis,
Date of publication, distribution, etc. 1890.
300 ## - PHYSICAL DESCRIPTION
Extent iv, 135 p. ;
Dimensions 24 cm.
500 ## - GENERAL NOTE
General note Includes indexes.
650 #0 - SUBJECT ADDED ENTRY--TOPICAL TERM
Topical term or geographic name entry element Physical education and training
General subdivision Congresses.
700 1# - ADDED ENTRY--PERSONAL NAME
Personal name Barrows, Isabel C.
Fuller form of name (Isabel Chapin),
Dates associated with a name 1845-1913.

No items available.

Powered by Koha